[Event "Collado Villalba op-B 34th"]
[Site "Collado Villalba"]
[Date "2017.08.28"]
[Round "7"]
[White "Cuellar Gutierrez, Raul"]
[Black "Diaz Lopez, Victor"]
[Result "1-0"]
[WhiteElo "1878"]
[BlackElo "1800"]
[PlyCount "129"]
[EventDate "2017.08.22"]
[EventType "swiss"]
[EventRounds "9"]
[EventCountry "ESP"]
[SourceTitle "CBM 180 Extra"]
[Source "ChessBase"]
[SourceDate "2017.10.06"]
[SourceVersion "1"]
[SourceVersionDate "2017.10.06"]
[SourceQuality "1"]

1. e4 d5 2. exd5 Qxd5 3. d4 e5 4. Be3 exd4 5. Nc3 Bb4 6. Bxd4 Bxc3+ 7. Bxc3 Qxd1+ 8. Rxd1 f6 9. Bc4 Nc6 10. Nf3 Bd7 11. 0-0 0-0-0 12. b4 Nge7 13. b5 Nb8 14. Nd4 c6 15. Ne6 Bxe6 16. Bxe6+ Kc7 17. Rb1 Nd5 18. Bd2 Rhe8 19. Bf5 Re2 20. Be1 g6 21. Bd3 Re7 22. g3 c5 23. a4 b6 24. a5 Nd7 25. axb6+ axb6 26. c4 Ne5 27. Be2 Nb4 28. Bxb4 cxb4 29. Rfc1 Rd2 30. Kf1 f5 31. c5 bxc5 32. Rxc5+ Kb6 33. Rcc1 Nd3 34. Bxd3 Rxd3 35. Rxb4 Rd5 36. Rcb1 Ra7 37. Kg2 g5 38. R4b2 Ra4 39. Re2 Rad4 40. Re6+ Rd6 41. Rxd6+ Rxd6 42. Re1 Rd5 43. Re7 h5 44. Rh7 h4 45. gxh4 gxh4 46. Rxh4 Kxb5 47. Rh8 Kc5 48. Re8 Kd4 49. Kg3 Rc5 50. Kf4 Rc7 51. Rd8+ Kc5 52. h4 Rh7 53. Kg5 Rg7+ 54. Kxf5 Rf7+ 55. Kg6 Rxf2 56. h5 Rg2+ 57. Kh7 Kc6 58. h6 Kc7 59. Rg8 Rf2 60. Rg6 Kd7 61. Kg7 Ke7 62. h7 Rf7+ 63. Kh6 Rf8 64. Rg8 Kf7 65. Rxf8+ 1-0

[Event "Collado Villalba op-B 34th"]
[Site "Collado Villalba"]
[Date "2017.08.25"]
[Round "4"]
[White "Diaz Lopez, Victor"]
[Black "Melcon Diez, Enrique"]
[Result "1-0"]
[WhiteElo "1800"]
[BlackElo "1634"]
[PlyCount "57"]
[EventDate "2017.08.22"]
[EventType "swiss"]
[EventRounds "9"]
[EventCountry "ESP"]
[SourceTitle "CBM 180 Extra"]
[Source "ChessBase"]
[SourceDate "2017.10.06"]
[SourceVersion "1"]
[SourceVersionDate "2017.10.06"]
[SourceQuality "1"]

1. c4 g6 2. g3 c5 3. Bg2 Bg7 4. e3 Nc6 5. Ne2 Nf6 6. Nbc3 d6 7. d4 cxd4 8. Nxd4 Bd7 9. 0-0 Rc8 10. b3 h5 11. Bb2 h4 12. Nd5 e5 13. Nxf6+ Bxf6 14. Nb5 Be7 15. Nxd6+ Bxd6 16. Qxd6 Qe7 17. Qxe7+ Kxe7 18. Bxc6 Bxc6 19. Bxe5 f6 20. Bd4 a6 21. g4 Bf3 22. h3 Rhg8 23. Kh2 Ke6 24. Rac1 Rgf8 25. Rc3 f5 26. g5 f4 27. exf4 Rxf4 28. Re1+ Re4 29. Rce3 1-0

[Event "Collado Villalba op-B 34th"]
[Site "Collado Villalba"]
[Date "2017.08.24"]
[Round "3"]
[White "Diaz Lopez, Victor"]
[Black "Fernandez Martinez, Luis"]
[Result "1-0"]
[WhiteElo "1800"]
[BlackElo "1634"]
[PlyCount "87"]
[EventDate "2017.08.22"]
[EventType "swiss"]
[EventRounds "9"]
[EventCountry "ESP"]
[SourceTitle "CBM 180 Extra"]
[Source "ChessBase"]
[SourceDate "2017.10.06"]
[SourceVersion "1"]
[SourceVersionDate "2017.10.06"]
[SourceQuality "1"]

1. c4 e6 2. Nc3 f5 3. g3 Nf6 4. Nf3 Be7 5. Bg2 c6 6. d3 0-0 7. 0-0 d5 8. cxd5 cxd5 9. e4 fxe4 10. dxe4 dxe4 11. Ng5 Qxd1 12. Rxd1 Nd5 13. Nxd5 exd5 14. Rxd5 Nc6 15. Bxe4 h6 16. Nf3 Be6 17. Rb5 Rad8 18. Be3 Bg4 19. Kg2 Bxf3+ 20. Bxf3 Nd4 21. Bd5+ Rxd5 22. Rxd5 Nc2 23. Rad1 Nxe3+ 24. fxe3 b6 25. Rd7 Bc5 26. Rd8 Bxe3 27. Rxf8+ Kxf8 28. Rd7 a5 29. Kf3 Bc5 30. Ke4 Kg8 31. Kf5 Kh7 32. g4 Be3 33. h4 Bf2 34. h5 Bc5 35. b3 Bb4 36. Ke6 Bc5 37. Rd8 Bb4 38. Kd5 Be7 39. Rb8 Bc5 40. Kc6 g5 41. Rb7+ Kg8 42. Rxb6 Bxb6 43. Kxb6 Kf7 44. Kxa5 1-0